AFL Brownlow Medal Winners - Sudden Death - Statistics

General Stats
  • This quiz has been taken 273 times
  • The average score is 8 of 24
Answers on the Grid
Answers color-coded by a green-red scale on the quiz's grid according to % correct below.
Nat Fyfe
Michael Tuck
Scott Wynd
Steele Sidebottom
Adam Cooney
Dermott Brereton
Jobe Watson
Leigh Matthews
Andrew McLeod
Trent Cotchin
Gary Ablett Sr.
Zach Merrett
Scott Pendlebury
Barry Cable
Jim Stynes
Matt Priddis
Jason Akermanis
Gary Ablett Jr.
Joel Selwood
Shane Woewodin
Tom Mitchell
Ollie Wines
Nick Daicos
Jason Dunstall
Tony Lockett
Paul Couch
Shane Crawford
Bernie Quinlan
Tony Liberatore
Gerard Healy
Scott Thompson
Sam Mitchell
Wayne Carey
Mark Ricciuto
Luke Hodge
Kevin Bartlett
James Hird
Brent Harvey
Dane Swan
Lance Franklin
Michael Voss
Chris Judd
Nathan Buckley
Matthew Pavlich
Scott West
 
Answer Stats
Answer % Correct
Nat Fyfe
94%
Adam Cooney
49%
Gary Ablett Jr.
39%
Trent Cotchin
37%
Chris Judd
35%
Nathan Buckley
35%
Ollie Wines
33%
Matt Priddis
32%
Tom Mitchell
32%
Michael Voss
31%
Dane Swan
30%
Sam Mitchell
30%
James Hird
29%
Scott Wynd
29%
Jason Akermanis
27%
Mark Ricciuto
27%
Shane Woewodin
26%
Jim Stynes
25%
Gerard Healy
24%
Shane Crawford
24%
Tony Lockett
24%
Tony Liberatore
21%
Paul Couch
17%
Bernie Quinlan
11%
No matching quizzes found
Score Distribution
Percent of People with Each Score
Percentile by Number Answered
Your Score History
You have not taken this quiz